Danzas peligrosas : la escena en curso : creació i direcció David Pérez : 19, 20 i 21 de juny de 2015 la escena en curso : creació i direcció David Pérez : 19, 20 i 21 de juny de 2015
Descripción Física:
1 targeta postal ; il. b/n ; 11 x 15 cm.
Idioma:
Catalán
MARC
| LEADER | 00000nkm a22000007a 4500 | ||
|---|---|---|---|
| 001 | 27145 | ||
| 003 | Arxiu | ||
| 005 | 20260324181147.0 | ||
| 008 | 221221b spa||||| |||| 00| 0 cat d | ||
| 017 | |a B 16746-2015 | ||
| 040 | |a agdb |b cat | ||
| 245 | |a Danzas peligrosas : |b la escena en curso : creació i direcció David Pérez : 19, 20 i 21 de juny de 2015 | ||
| 260 | |a Barcelona : |b Institut del Teatre ; |c 2015 | ||
| 300 | |a 1 targeta postal ; |b il. b/n ; |c 11 x 15 cm. | ||
| 490 | |a Factoria IT 14/15. Nous creadors de teatre i dansa | ||
| 500 | |a Postal promocional de l'espectacle teatral "Danzas peligrosas" representat els dies 19, 20 i 21 de juny de 2015, a la sala Plató de l'Institut del Teatre. | ||
| 650 | 0 | |9 21513 |a Teatre |x Barcelona (Catalunya) | |
| 655 | 0 | |9 52685 |a Targetes postals | |
| 710 | 1 | |9 52662 |a Institut del Teatre (Barcelona, Catalunya) | |
| 942 | |2 udc |c ARXIU |n 1 | ||
| 952 | |0 0 |1 0 |2 udc |4 0 |6 NBM1666 |7 1 |9 64886 |a Arxiu |b Arxiu |d 2022-12-21 |l 0 |o NBM-16-66 |p 27145 |r 2022-12-21 00:00:00 |w 2022-12-21 |y ARXIU | ||
| 999 | |c 82848 |d 82848 | ||